[Event "Sarkany-Aranytiz GM"]
[Site "Budapest"]
[Date "2016.08.24"]
[Round "5.5"]
[White "Korpa, Bence"]
[Black "Gonda, Laszlo"]
[Result "1/2-1/2"]
[WhiteElo "2468"]
[BlackElo "2500"]
[PlyCount "43"]
[EventDate "2016.08.19"]
[EventType "tourn"]
[EventRounds "9"]
[EventCountry "HUN"]
[EventCategory "9"]

1. Nf3 d5 2. g3 c6 3. Bg2 Bg4 4. c4 e6 5. O-O Nf6 6. cxd5 exd5 7. d3 Nbd7 8. h3
Bh5 9. Nc3 Bd6 10. e4 O-O 11. exd5 cxd5 12. g4 Bg6 13. Nh4 Nc5 14. Nxg6 hxg6
15. g5 d4 16. gxf6 dxc3 17. fxg7 Re8 18. d4 cxb2 19. Bxb2 Ne6 20. Re1 Qa5 21.
d5 Nxg7 22. Rb1 1/2-1/2

[Event "Sarkany-Aranytiz GM"]
[Site "Budapest"]
[Date "2016.08.25"]
[Round "6.1"]
[White "Flumbort, Andras Dr"]
[Black "Gonda, Laszlo"]
[Result "1/2-1/2"]
[WhiteElo "2460"]
[BlackElo "2500"]
[PlyCount "46"]
[EventDate "2016.08.19"]
[EventType "tourn"]
[EventRounds "9"]
[EventCountry "HUN"]
[EventCategory "9"]

1. d4 d5 2. c4 e6 3. Nc3 Be7 4. cxd5 exd5 5. Bf4 c6 6. e3 Bf5 7. g4 Be6 8. h4
Bxh4 9. Qb3 g5 10. Be5 f6 11. Bh2 Bxg4 12. Qxb7 Qe7 13. Qxa8 Qxe3+ 14. Be2
Bxf2+ 15. Kf1 Bh4 16. Qxb8+ Kf7 17. Qc7+ Ne7 18. Nd1 Bxe2+ 19. Nxe2 Qf3+ 20.
Kg1 Qxe2 21. Bg3 Qg4 22. Kg2 Qe2+ 23. Kg1 Qg4 1/2-1/2

[Event "Sarkany-Aranytiz GM"]
[Site "Budapest"]
[Date "2016.08.25"]
[Round "6.2"]
[White "Hirneise, Tobias"]
[Black "Korpa, Bence"]
[Result "1/2-1/2"]
[WhiteElo "2471"]
[BlackElo "2468"]
[PlyCount "48"]
[EventDate "2016.08.19"]
[EventType "tourn"]
[EventRounds "9"]
[EventCountry "HUN"]
[EventCategory "9"]

1. c4 c5 2. Nf3 Nc6 3. Nc3 Nf6 4. g3 d5 5. d4 e6 6. cxd5 Nxd5 7. Bg2 Nxd4 8.
Nxd4 Nxc3 9. bxc3 cxd4 10. Qxd4 Qxd4 11. cxd4 Bd6 12. a4 Rb8 13. a5 Bd7 14. e4
O-O 15. Be3 Bb5 16. Rb1 a6 17. Bf1 Bc6 18. Bd3 Bc7 19. Ra1 Rfd8 20. Ke2 Rd7 21.
Rhc1 Rbd8 22. f3 Be5 23. dxe5 Rxd3 24. Rd1 Rxd1 1/2-1/2

[Event "Sarkany-Aranytiz GM"]
[Site "Budapest"]
[Date "2016.08.25"]
[Round "6.3"]
[White "Torma, Robert"]
[Black "Kantsler, Boris"]
[Result "1-0"]
[WhiteElo "2486"]
[BlackElo "2394"]
[PlyCount "65"]
[EventDate "2016.08.19"]
[EventType "tourn"]
[EventRounds "9"]
[EventCountry "HUN"]
[EventCategory "9"]

1. d4 d6 2. e4 Nf6 3. Nc3 g6 4. Bg5 c6 5. Qd2 b5 6. Bd3 Nbd7 7. f4 Bg7 8. Nf3
Nb6 9. O-O O-O 10. f5 b4 11. Ne2 gxf5 12. Bh6 fxe4 13. Qg5 Ne8 14. Bxe4 f5 15.
Bxc6 Rf6 16. Bxg7 Nxg7 17. Bxa8 Nxa8 18. a3 bxa3 19. Rxa3 a6 20. Nh4 Nc7 21.
Rg3 Nce6 22. Qe3 Kh8 23. d5 Nc5 24. Qg5 Qf8 25. Nf4 Ne4 26. Qxg7+ Qxg7 27. Rxg7
Kxg7 28. Nh5+ Kf7 29. Nxf6 Kxf6 30. Nxf5 Bxf5 31. g4 Ke5 32. Rxf5+ Kd4 33. Rf7
1-0

[Event "Sarkany-Aranytiz GM"]
[Site "Budapest"]
[Date "2016.08.25"]
[Round "6.4"]
[White "Vucinic, Gojko"]
[Black "Kovacs, Gabor Dr"]
[Result "1/2-1/2"]
[WhiteElo "2399"]
[BlackElo "2460"]
[PlyCount "46"]
[EventDate "2016.08.19"]
[EventType "tourn"]
[EventRounds "9"]
[EventCountry "HUN"]
[EventCategory "9"]

1. e4 e5 2. Nf3 Nf6 3. d4 Nxe4 4. Bd3 d5 5. Nxe5 Nd7 6. Nxd7 Bxd7 7. O-O Bd6 8.
Qh5 Qf6 9. Nc3 Qxd4 10. Be3 Qe5 11. Qxe5+ Bxe5 12. Nxd5 Nf6 13. Rae1 Nxd5 14.
Bd4 O-O-O 15. Bxe5 Nb4 16. Bxg7 Nxd3 17. cxd3 Rhg8 18. Be5 Bb5 19. Re3 Rxd3 20.
Rxd3 Bxd3 21. Re1 Re8 22. Re3 Bb1 23. a3 Re6 1/2-1/2

[Event "Sarkany-Aranytiz GM"]
[Site "Budapest"]
[Date "2016.08.25"]
[Round "6.5"]
[White "Smirnov, Anton"]
[Black "Miron, Lucian Costin"]
[Result "1/2-1/2"]
[WhiteElo "2486"]
[BlackElo "2495"]
[PlyCount "98"]
[EventDate "2016.08.19"]
[EventType "tourn"]
[EventRounds "9"]
[EventCountry "HUN"]
[EventCategory "9"]

1. e4 e5 2. Nf3 Nc6 3. Bb5 a6 4. Ba4 Nf6 5. O-O Be7 6. Re1 b5 7. Bb3 d6 8. c3
O-O 9. h3 Nb8 10. d4 Nbd7 11. Nbd2 Bb7 12. Bc2 Re8 13. a4 Bf8 14. Bd3 c6 15. b4
Nb6 16. a5 Nbd7 17. Ba3 c5 18. d5 c4 19. Bf1 Qc7 20. Nh2 g6 21. Qf3 Bg7 22.
Rad1 Rf8 23. g3 Ne8 24. Bg2 f5 25. Qe2 Ndf6 26. Bc1 Bc8 27. g4 fxg4 28. hxg4
Bh6 29. Ndf1 Bxc1 30. Rxc1 Qg7 31. Rc2 Ra7 32. f3 h5 33. Qe3 hxg4 34. fxg4 Nxg4
35. Nxg4 Bxg4 36. Nh2 Bc8 37. Bf3 Raf7 38. Rg2 Rf4 39. Bh5 g5 40. Qg3 Nf6 41.
Qxg5 Qxg5 42. Rxg5+ Kh7 43. Bf3 Rg8 44. Rxg8 Kxg8 45. Re3 Kg7 46. Bg2 Nh5 47.
Bf3 Nf6 48. Bg2 Nh5 49. Bf3 Nf6 1/2-1/2

[Event "Sarkany-Aranytiz GM"]
[Site "Budapest"]
[Date "2016.08.26"]
[Round "7.1"]
[White "Miron, Lucian Costin"]
[Black "Flumbort, Andras Dr"]
[Result "1-0"]
[WhiteElo "2495"]
[BlackElo "2460"]
[PlyCount "107"]
[EventDate "2016.08.19"]
[EventType "tourn"]
[EventRounds "9"]
[EventCountry "HUN"]
[EventCategory "9"]

1. Nf3 g6 2. e4 Bg7 3. c4 d6 4. d4 Nf6 5. Nc3 O-O 6. Be2 c5 7. d5 Re8 8. O-O e6
9. Nd2 a6 10. a4 exd5 11. exd5 a5 12. h3 Na6 13. Bd3 Nb4 14. Bb1 b6 15. Nf3 Ba6
16. Nb5 Qd7 17. Ra3 Re7 18. Bf4 Bxb5 19. axb5 Rae8 20. Re3 Rxe3 21. Bxe3 Ne4
22. Bc1 Nf6 23. Re1 Re7 24. Rxe7 Qxe7 25. Qe1 Qxe1+ 26. Nxe1 Nd7 27. f4 Bd4+
28. Kf1 h5 29. Nf3 Kg7 30. b3 Bc3 31. g4 hxg4 32. hxg4 Kf8 33. Kg2 Ke7 34. Ng1
Bd4 35. Ne2 Ba1 36. Kg3 Nf6 37. Bd2 Bd4 38. Kf3 Ba1 39. Kg3 Nd7 40. Kf3 Bb2 41.
Kg2 Ba1 42. Kh3 Bb2 43. Bc3 Bxc3 44. Nxc3 g5 45. fxg5 Ne5 46. Na4 Nbd3 47. Nxb6
Nc1 48. Bc2 Kd8 49. Kh4 Ne2 50. g6 fxg6 51. Kg5 Nd4 52. Bd1 Nd3 53. Na4 Nf2 54.
Nc3 1-0

[Event "Sarkany-Aranytiz GM"]
[Site "Budapest"]
[Date "2016.08.26"]
[Round "7.2"]
[White "Kovacs, Gabor Dr"]
[Black "Smirnov, Anton"]
[Result "1-0"]
[WhiteElo "2460"]
[BlackElo "2486"]
[PlyCount "121"]
[EventDate "2016.08.19"]
[EventType "tourn"]
[EventRounds "9"]
[EventCountry "HUN"]
[EventCategory "9"]

1. d4 d5 2. c4 dxc4 3. Nf3 a6 4. a4 Nf6 5. e3 Bg4 6. Bxc4 e6 7. O-O Nc6 8. Be2
Bd6 9. h3 Bh5 10. b3 O-O 11. Bb2 Qe7 12. Nbd2 Rad8 13. Nc4 Bb4 14. Ne1 Bg6 15.
Nd3 Bxd3 16. Bxd3 Nd5 17. Qe2 f5 18. f4 Qh4 19. Rac1 Nf6 20. Nd2 Na5 21. Bc3
Bxc3 22. Rxc3 Nd5 23. Rc5 b6 24. Rcc1 c5 25. dxc5 Nb4 26. Bc4 Nxc4 27. Rxc4
bxc5 28. Rxc5 Qe7 29. Rc4 Rd5 30. Nf3 Rfd8 31. Nd4 a5 32. Rfc1 Qf6 33. Rc8 h6
34. Qc4 Kf7 35. Rxd8 Qxd8 36. Qc7+ Qxc7 37. Rxc7+ Kf6 38. Rb7 e5 39. Rb6+ Kf7
40. Rb7+ Kf6 41. Rb6+ Kf7 42. Nxf5 exf4 43. e4 Rd1+ 44. Kf2 Rd2+ 45. Kf1 Nd3
46. Rd6 f3 47. gxf3 Rf2+ 48. Kg1 Rxf3 49. h4 Nc5 50. Rd5 Nxe4 51. Rxa5 Rxb3 52.
Re5 Rb4 53. Rxe4 Rb1+ 54. Kg2 Kf6 55. Ne3 Ra1 56. Kf3 h5 57. Nd5+ Kf5 58. Ne3+
Kf6 59. Rf4+ Ke6 60. Rb4 g6 61. Kf4 1-0

[Event "Sarkany-Aranytiz GM"]
[Site "Budapest"]
[Date "2016.08.26"]
[Round "7.4"]
[White "Korpa, Bence"]
[Black "Torma, Robert"]
[Result "1/2-1/2"]
[WhiteElo "2468"]
[BlackElo "2486"]
[PlyCount "102"]
[EventDate "2016.08.19"]
[EventType "tourn"]
[EventRounds "9"]
[EventCountry "HUN"]
[EventCategory "9"]

1. e4 c6 2. Nc3 d5 3. Nf3 Nf6 4. e5 Ne4 5. Qe2 Nxc3 6. dxc3 e6 7. Bf4 Qa5 8.
Qd2 c5 9. c4 Qxd2+ 10. Kxd2 Nc6 11. Rd1 Be7 12. Kc1 d4 13. Bd3 Nb4 14. a3 Nxd3+
15. Rxd3 b6 16. c3 dxc3 17. Rxc3 Bb7 18. Rd1 Rd8 19. Rcd3 h6 20. Ne1 Rxd3 21.
Rxd3 Bg5 22. Bd2 Be4 23. Rb3 Bxd2+ 24. Kxd2 Ke7 25. Ke3 Bb1 26. a4 Rd8 27. a5
Ba2 28. Rc3 bxa5 29. Ra3 Bxc4 30. Rxa5 Rd1 31. Rxa7+ Ke8 32. Nf3 g5 33. Ra3 Bd5
34. h3 Rb1 35. Rc3 Rxb2 36. Rxc5 Rb3+ 37. Ke2 Bxf3+ 38. gxf3 Rb4 39. Kf1 Kf8
40. Kg2 Kg7 41. Kg3 Kg6 42. Ra5 Rd4 43. Ra8 h5 44. Rg8+ Kh6 45. Rh8+ Kg6 46.
Rg8+ Kf5 47. Rg7 h4+ 48. Kg2 Rd7 49. Rg8 Kf4 50. Rg7 Kf5 51. Rg8 Kf4 1/2-1/2

[Event "Sarkany-Aranytiz GM"]
[Site "Budapest"]
[Date "2016.08.26"]
[Round "7.5"]
[White "Gonda, Laszlo"]
[Black "Hirneise, Tobias"]
[Result "1-0"]
[WhiteElo "2500"]
[BlackElo "2471"]
[PlyCount "145"]
[EventDate "2016.08.19"]
[EventType "tourn"]
[EventRounds "9"]
[EventCountry "HUN"]
[EventCategory "9"]

1. d4 d5 2. Bf4 Nf6 3. e3 e6 4. Nf3 Bd6 5. Bxd6 cxd6 6. c4 dxc4 7. Bxc4 O-O 8.
O-O Qe7 9. Nc3 d5 10. Bd3 Nc6 11. Rc1 Bd7 12. Ne5 Rac8 13. f4 a6 14. Rf3 Rc7
15. Rh3 g6 16. g4 Rfc8 17. g5 Ne8 18. Nxd7 Rxd7 19. Qe1 f5 20. gxf6 Qxf6 21.
Rg3 Ne7 22. Rg2 Rdc7 23. Rgc2 Nf5 24. Nd1 Rxc2 25. Rxc2 Rxc2 26. Bxc2 Ned6 27.
Bd3 g5 28. fxg5 Qxg5+ 29. Kf1 Kf7 30. Qf2 Ke7 31. Ke1 h5 32. Kf1 Qg4 33. Ke1
Ne4 34. Bxe4 Qxe4 35. Qe2 h4 36. Kd2 Qb1 37. a3 Nd6 38. Qg4 Ne4+ 39. Ke1 h3 40.
Qg7+ Ke8 41. Qg8+ Kd7 42. Qf7+ Kc8 43. Qxe6+ Kb8 44. Qxh3 Qxd1+ 45. Kxd1 Nf2+
46. Ke2 Nxh3 47. Kf3 Kc7 48. Kg3 Ng5 49. Kf4 Ne4 50. Ke5 Nd2 51. Kxd5 Nf1 52.
h4 Nxe3+ 53. Ke4 Nc4 54. h5 Kd7 55. h6 Ke6 56. d5+ Kf6 57. Kd4 Nd6 58. Kc5 Nf7
59. h7 Kg7 60. Kb6 Kxh7 61. Kxb7 a5 62. Ka6 Kg6 63. Kxa5 Kf5 64. Kb5 Ke5 65.
Kc5 Nd6 66. a4 Nb7+ 67. Kb6 Nd8 68. a5 Kxd5 69. a6 Nc6 70. b4 Ne7 71. Kb7 Nc6
72. b5 Na5+ 73. Kc7 1-0

[Event "Sarkany-Aranytiz GM"]
[Site "Budapest"]
[Date "2016.08.27"]
[Round "8.1"]
[White "Flumbort, Andras Dr"]
[Black "Hirneise, Tobias"]
[Result "1/2-1/2"]
[WhiteElo "2460"]
[BlackElo "2471"]
[PlyCount "27"]
[EventDate "2016.08.19"]
[EventType "tourn"]
[EventRounds "9"]
[EventCountry "HUN"]
[EventCategory "9"]

1. d4 Nf6 2. c4 e6 3. Nf3 b6 4. g3 Bb7 5. Bg2 Be7 6. Nc3 Ne4 7. Bd2 O-O 8. Qc2
d5 9. cxd5 Nxd2 10. Qxd2 exd5 11. O-O Nd7 12. Rac1 Re8 13. Rfd1 Nf6 14. Qc2
1/2-1/2

[Event "Sarkany-Aranytiz GM"]
[Site "Budapest"]
[Date "2016.08.27"]
[Round "8.2"]
[White "Torma, Robert"]
[Black "Gonda, Laszlo"]
[Result "1-0"]
[WhiteElo "2486"]
[BlackElo "2500"]
[PlyCount "80"]
[EventDate "2016.08.19"]
[EventType "tourn"]
[EventRounds "9"]
[EventCountry "HUN"]
[EventCategory "9"]

1. d4 d5 2. c4 dxc4 3. e4 Nf6 4. e5 Nd5 5. Bxc4 Nb6 6. Bd3 Nc6 7. Be3 Nb4 8.
Be4 f5 9. a3 N4d5 10. Bf3 Nxe3 11. fxe3 g6 12. Ne2 Bh6 13. Qb3 e6 14. g3 a5 15.
a4 Ra6 16. Na3 c6 17. O-O Qe7 18. Nf4 Qb4 19. Bd1 Qxb3 20. Bxb3 Nd5 21. Nc4
Nxf4 22. gxf4 Bf8 23. Bc2 Kd8 24. Bd3 Kc7 25. Kf2 Be7 26. Rac1 Ra8 27. Rh1 Bh4+
28. Kf3 Bd7 29. Rhg1 Rhg8 30. Nd2 Be7 31. Nb3 b6 32. Bf1 Rac8 33. Nd2 c5 34.
dxc5 Bxc5 35. Bc4 Rge8 36. b3 Kb7 37. Rgd1 Ba3 38. Ra1 Bb4 39. Ke2 Bc6 40. Nf3
Bxf3+ 1-0

[Event "Sarkany-Aranytiz GM"]
[Site "Budapest"]
[Date "2016.08.27"]
[Round "8.3"]
[White "Vucinic, Gojko"]
[Black "Korpa, Bence"]
[Result "1/2-1/2"]
[WhiteElo "2399"]
[BlackElo "2468"]
[PlyCount "69"]
[EventDate "2016.08.19"]
[EventType "tourn"]
[EventRounds "9"]
[EventCountry "HUN"]
[EventCategory "9"]

1. e4 c6 2. d4 d5 3. e5 Bf5 4. h4 Qb6 5. Nc3 h5 6. Nge2 e6 7. Ng3 Bg6 8. Be2 c5
9. dxc5 Bxc5 10. O-O Nc6 11. Na4 Qa5 12. Nxc5 Qxc5 13. c3 Nxe5 14. Bg5 Nf6 15.
Qa4+ Nc6 16. Rac1 Nd7 17. b4 Qd6 18. Rfd1 O-O 19. b5 Nb6 20. Qf4 Qxf4 21. Bxf4
Na5 22. Nxh5 Nac4 23. Be3 Nxe3 24. fxe3 Bxh5 25. Bxh5 Rac8 26. Rd4 Rc5 27. a4
Rfc8 28. a5 Nc4 29. e4 Nxa5 30. Rf1 g6 31. Bf3 dxe4 32. Bxe4 Rxc3 33. Rd7 f5
34. Bxb7 R8c7 35. Bc6 1/2-1/2

[Event "Sarkany-Aranytiz GM"]
[Site "Budapest"]
[Date "2016.08.27"]
[Round "8.4"]
[White "Smirnov, Anton"]
[Black "Kantsler, Boris"]
[Result "1/2-1/2"]
[WhiteElo "2486"]
[BlackElo "2394"]
[PlyCount "73"]
[EventDate "2016.08.19"]
[EventType "tourn"]
[EventRounds "9"]
[EventCountry "HUN"]
[EventCategory "9"]

1. e4 e5 2. Nf3 Nc6 3. Bb5 a6 4. Bxc6 dxc6 5. O-O Qd6 6. Qe2 c5 7. d3 Ne7 8.
Nbd2 Nc6 9. Nc4 Qf6 10. h3 Be6 11. b3 Bxc4 12. bxc4 Bd6 13. a4 a5 14. Rb1 b6
15. Nh2 O-O 16. Ng4 Qg6 17. Ne3 Ne7 18. Qf3 Rae8 19. Re1 Kh8 20. Qg4 Kg8 21.
Bd2 Kh8 22. Bc3 Kg8 23. Re2 f6 24. Rf1 h5 25. Qxg6 Nxg6 26. Nf5 Ne7 27. Nxd6
cxd6 28. f4 Nc6 29. f5 Kf7 30. Be1 Rh8 31. Bh4 Rb8 32. c3 Rb7 33. Rb2 Nb8 34.
Bf2 Nd7 35. Be3 Rc7 36. Kh2 Rcc8 37. Rbf2 1/2-1/2

[Event "Sarkany-Aranytiz GM"]
[Site "Budapest"]
[Date "2016.08.27"]
[Round "8.5"]
[White "Miron, Lucian Costin"]
[Black "Kovacs, Gabor Dr"]
[Result "1/2-1/2"]
[WhiteElo "2495"]
[BlackElo "2460"]
[PlyCount "53"]
[EventDate "2016.08.19"]
[EventType "tourn"]
[EventRounds "9"]
[EventCountry "HUN"]
[EventCategory "9"]

1. Nf3 d5 2. c4 e6 3. g3 Nf6 4. Bg2 Be7 5. O-O O-O 6. b3 b6 7. Bb2 Bb7 8. e3 c5
9. Nc3 dxc4 10. bxc4 Nc6 11. Qe2 a6 12. Ne1 Qc7 13. f4 Rfd8 14. g4 Ne8 15. g5
Nd6 16. Ne4 Nxe4 17. Bxe4 Na5 18. Bxb7 Nxb7 19. Rf3 Qc6 20. d3 f5 21. Rh3 Qe8
22. Nf3 Na5 23. Ne5 Bd6 24. Nf3 Nc6 25. Kf2 Ne7 26. Rb1 Ng6 27. Rg3 1/2-1/2

[Event "Sarkany-Aranytiz GM"]
[Site "Budapest"]
[Date "2016.08.28"]
[Round "9.1"]
[White "Kovacs, Gabor Dr"]
[Black "Flumbort, Andras Dr"]
[Result "1/2-1/2"]
[WhiteElo "2460"]
[BlackElo "2460"]
[PlyCount "37"]
[EventDate "2016.08.19"]
[EventType "tourn"]
[EventRounds "9"]
[EventCountry "HUN"]
[EventCategory "9"]

1. e4 d5 2. exd5 Qxd5 3. Nc3 Qa5 4. d4 Nf6 5. Nf3 c6 6. h3 Bf5 7. Bd3 Bxd3 8.
Qxd3 Nbd7 9. O-O e6 10. Bf4 Be7 11. Rfe1 O-O 12. Ne5 Rad8 13. Rad1 Nd5 14. Nxd5
Qxd5 15. c4 Qa5 16. Qb3 Qb6 17. Qxb6 axb6 18. Nf3 Nf6 19. Re3 1/2-1/2

[Event "Sarkany-Aranytiz GM"]
[Site "Budapest"]
[Date "2016.08.28"]
[Round "9.2"]
[White "Kantsler, Boris"]
[Black "Miron, Lucian Costin"]
[Result "1/2-1/2"]
[WhiteElo "2394"]
[BlackElo "2495"]
[PlyCount "20"]
[EventDate "2016.08.19"]
[EventType "tourn"]
[EventRounds "9"]
[EventCountry "HUN"]
[EventCategory "9"]

1. e4 e5 2. Nc3 Nc6 3. g3 Nf6 4. Bg2 Bc5 5. Nge2 a6 6. O-O d6 7. d3 Be6 8. h3
Qd7 9. Kh2 h5 10. Nd5 Bxd5 1/2-1/2

[Event "Sarkany-Aranytiz GM"]
[Site "Budapest"]
[Date "2016.08.28"]
[Round "9.3"]
[White "Korpa, Bence"]
[Black "Smirnov, Anton"]
[Result "1-0"]
[WhiteElo "2468"]
[BlackElo "2486"]
[PlyCount "67"]
[EventDate "2016.08.19"]
[EventType "tourn"]
[EventRounds "9"]
[EventCountry "HUN"]
[EventCategory "9"]

1. Nf3 d5 2. g3 c6 3. Bg2 Bg4 4. c4 e6 5. cxd5 Bxf3 6. Bxf3 cxd5 7. O-O Nf6 8.
Nc3 Nc6 9. Bg2 Be7 10. d3 O-O 11. a3 Rc8 12. Bd2 Nd7 13. Rc1 Nb6 14. b4 Bg5 15.
e3 Be7 16. Na4 Nxa4 17. Qxa4 a6 18. Rc2 Rc7 19. Rfc1 Qd7 20. e4 d4 21. f4 e5
22. Qb3 Rfc8 23. Qd5 Qe8 24. fxe5 Bf8 25. Bh3 Nxb4 26. Rxc7 Rxc7 27. axb4 Rxc1+
28. Bxc1 Qa4 29. Bb2 Qxb4 30. Bxd4 a5 31. e6 fxe6 32. Bxe6+ Kh8 33. Qd8 a4 34.
Bxg7+ 1-0

[Event "Sarkany-Aranytiz GM"]
[Site "Budapest"]
[Date "2016.08.28"]
[Round "9.4"]
[White "Gonda, Laszlo"]
[Black "Vucinic, Gojko"]
[Result "1/2-1/2"]
[WhiteElo "2500"]
[BlackElo "2399"]
[PlyCount "39"]
[EventDate "2016.08.19"]
[EventType "tourn"]
[EventRounds "9"]
[EventCountry "HUN"]
[EventCategory "9"]

1. Nf3 Nf6 2. c4 g6 3. Nc3 d5 4. cxd5 Nxd5 5. Qc2 Nc6 6. d4 Ndb4 7. Qa4 Bd7 8.
Qd1 e5 9. dxe5 Bf5 10. Bg5 Be7 11. e4 Bg4 12. Bxe7 Qxe7 13. a3 Rd8 14. Qa4 Bxf3
15. gxf3 Nd3+ 16. Bxd3 Rxd3 17. Qb5 Rd4 18. Nd5 Qxe5 19. Qxb7 Rxe4+ 20. Kf1
1/2-1/2

[Event "Sarkany-Aranytiz GM"]
[Site "Budapest"]
[Date "2016.08.28"]
[Round "9.5"]
[White "Hirneise, Tobias"]
[Black "Torma, Robert"]
[Result "1-0"]
[WhiteElo "2471"]
[BlackElo "2486"]
[PlyCount "97"]
[EventDate "2016.08.19"]
[EventType "tourn"]
[EventRounds "9"]
[EventCountry "HUN"]
[EventCategory "9"]

1. d4 f5 2. g3 Nf6 3. Bg2 g6 4. Nf3 Bg7 5. O-O O-O 6. b3 d6 7. Bb2 Qe8 8. Nbd2
Nc6 9. Nc4 e6 10. Ng5 h6 11. Nxe6 Bxe6 12. d5 Bd7 13. dxc6 Bxc6 14. Bxc6 Qxc6
15. Qd3 Rae8 16. Rad1 Ne4 17. Bxg7 Kxg7 18. Na5 Qc5 19. Qd4+ Re5 20. b4 Qxd4
21. Rxd4 Nc3 22. Rc4 Nxe2+ 23. Kg2 Rf7 24. Nxb7 f4 25. f3 fxg3 26. hxg3 Rg5 27.
Re1 Nf4+ 28. Kh2 Nd5 29. Nd8 Rh5+ 30. Kg2 Rd7 31. Nc6 Rf5 32. Rce4 a6 33. c4
Nb6 34. Nb8 Rdf7 35. Nxa6 Rxf3 36. Nxc7 Rf2+ 37. Kg1 Rd2 38. Ne8+ Kf8 39. Nxd6
Rxd6 40. c5 Rd3 41. cxb6 Rxg3+ 42. Kh2 Ra3 43. R1e2 Ra6 44. Re6 Rb7 45. b5
Raxb6 46. Rf2+ Kg7 47. Rxb6 Rxb6 48. a4 Rb8 49. Rb2 1-0